000
00202 a2200097 4500
001
48132
100
_a
Hayes
245
_a
History of Europe
260
_a
New York
_b
Macmillan
_c
090
_c
31102
_d
31102
942
_a
NUST-CAE
_c
M
_c
23451
999
_c
283205
_d
283205